Statistiques concernant Toutes les communes Françaises frontalières de l'Allemagne

Cliquez ici pour prendre le quiz!

Statistiques générales

  • Ce quiz a été pris 20 fois
  • Le résultat moyen est 24 sur 98

Statistiques - réponses

DépartementCommune% Correct
Bas-RhinStrasbourg
94%
MoselleForbach
69%
Bas-RhinWissembourg
63%
Bas-RhinLauterbourg
50%
MoselleSarreguemines
50%
Bas-RhinLa Wantzenau
44%
Bas-RhinErstein
38%
Bas-RhinEschau
38%
Bas-RhinMarckolsheim
38%
Bas-RhinSeltz
38%
Bas-RhinBeinheim
31%
Haut-RhinFessenheim
31%
MoselleFreyming-Merlebach
31%
Bas-RhinGambsheim
31%
MoselleGrosbliederstroff
31%
MosellePetite-Rosselle
31%
Bas-RhinPlobsheim
31%
Bas-RhinScheibenhard
31%
MoselleSpicheren
31%
MoselleAlsting
25%
MoselleApach
25%
Bas-RhinArtolsheim
25%
MoselleCarling
25%
Haut-RhinChalampé
25%
MoselleCreutzwald
25%
Haut-RhinHombourg
25%
Haut-RhinKembs
25%
Bas-RhinMunchhausen
25%
Bas-RhinNiederlauterbach
25%
Bas-RhinOffendorf
25%
Haut-RhinPetit-Landau
25%
Bas-RhinRhinau
25%
Bas-RhinSalmbach
25%
MoselleStiring-Wendel
25%
Bas-RhinWingen
25%
Haut-RhinArtzenheim
19%
Haut-RhinBalgau
19%
Haut-RhinBaltzenheim
19%
Haut-RhinBantzenheim
19%
MoselleBerviller-en-Moselle
19%
Haut-RhinBiesheim
19%
MoselleBliesbruck
19%
MoselleBlies-Ébersing
19%
MoselleBlies-Guersviller
19%
Haut-RhinBlodelsheim
19%
Bas-RhinClimbach
19%
MoselleCocheren
19%
Bas-RhinDalhunden
19%
Bas-RhinDaubensand
19%
Bas-RhinDrusenheim
19%
MoselleEpping
19%
MoselleErching
19%
MoselleFlastroff
19%
Bas-RhinFort-Louis
19%
MoselleFrauenberg
19%
Haut-RhinGeiswasser
19%
Bas-RhinGerstheim
19%
MoselleGuerstling
19%
MoselleHeining-lès-Bouzonville
19%
Haut-RhinKunheim
19%
MoselleLaunstroff
19%
Bas-RhinLembach
19%
MoselleL'Hôpital
19%
MoselleLiederschiedt
19%
MoselleLoutzviller
19%
Bas-RhinMackenheim
19%
MoselleManderen
19%
MoselleMerschweiller
19%
MoselleMerten
19%
MoselleMorsbach
19%
Haut-RhinNambsheim
19%
Bas-RhinNeuhaeusel
19%
MoselleNeunkirchen-lès-Bouzonville
19%
Bas-RhinNiedersteinbach
19%
Haut-RhinNiffer
19%
MoselleObergailbach
19%
Bas-RhinObersteinbach
19%
MoselleOrmersviller
19%
Haut-RhinOttmarsheim
19%
MoselleRolbing
19%
MoselleRoppeviller
19%
MoselleRosbruck
19%
Haut-RhinRosenau
19%
Haut-RhinRumersheim-le-Haut
19%
MoselleSaint-Avold
19%
Bas-RhinSchœnau
19%
MoselleSchœneck
19%
MoselleSchwerdorff
19%
MoselleSchweyen
19%
MoselleSturzelbronn
19%
Bas-RhinSundhouse
19%
Haut-RhinVillage-Neuf
19%
MoselleVilling
19%
Haut-RhinVogelgrun
19%
MoselleWaldwisse
19%
MoselleWalschbronn
19%
Haut-RhinHuninge
6%
Bas-RhinMothern
0%

Distribution des résultats

Percentile par nombre de réponses

% des personnes avec chaque résultat

Votre développement - résultats

Vous n’avez pas pris ce quiz